| 000 | 01144nam a22003977a 4500 | ||
|---|---|---|---|
| 001 | BR8100648 | ||
| 003 | BR-BrBNA | ||
| 005 | 20230928090916.0 | ||
| 007 | ta | ||
| 008 | 230509b bl.||||| |||| 00| 0 por d | ||
| 040 |
_aBR-BrBNA _bpor _cBiblioteca Nacional de Agricultura |
||
| 041 | _a(Por) | ||
| 072 |
_aH20 _b4100 _b/G514 |
||
| 090 | _ 4100 BR8100648 | ||
| 100 | 1 | _aGalli, F. | |
| 100 | 1 | _aCarvalho, P. de C.T. de | |
| 100 | 1 | _aTokeshi, H. | |
| 100 | 1 | _aBalmer, E. | |
| 100 | 1 | _aKimati, H. | |
| 100 | 1 | _aCardoso, C.O.N. | |
| 100 | 1 | _aSalgado, C.L. | |
| 100 | 1 | _aKrugner, T.L. | |
| 100 | 1 | _aCardoso, E.J.B.N. | |
| 100 | 1 | _aBergamin Filho, A. | |
| 245 | 1 |
_aManual de fitopatologia [Brasil] _bv. 2 - Doencas das plantas cultivadas |
|
| 246 | 1 |
_a[Handbook of phytopathology [Brazil]] _b[v. 2 - Diseases of cultivated plants] |
|
| 260 | 3 |
_aSao Paulo, SP (Brasil): _bEd. Agronomica Ceres, _c1980. |
|
| 300 | _a599 p. | ||
| 650 | _aDoenca de planta | ||
| 650 | _aSintoma | ||
| 650 | _aEtiologia | ||
| 650 | _aControle mecanico | ||
| 650 | _aControle quimico | ||
| 909 |
_a202309 _bLucia _c55 _dLucia Elande |
||
| 942 | _cBK | ||
| 999 |
_c31210 _d31210 |
||